Inside the Internet

Detalles Bibliográficos
Formato: Electrónico Revista
Lenguaje:inglés
Publicado: Rochester, N.Y. : Element K Journals
Materias:
Acceso en línea:Full text available from Research Library: 01/01/1998 to 06/30/2006

MARC

LEADER 00000nas a22000007a 4500
001 ssj0012587
003 WaSeSS
005 20200512172242.0
006 m d
007 cr n
008 020321c20009999nyumr pss 0 a0eng c
010 |a  2002211106 
022 |a 1539-0500  |l 1075-7902  |y 1075-7902 
035 |a (WaSeSS)ssj0012587 
037 |b Element K Journals, 2165 Brighton Henrietta Town Line Rd., Rochester, NY 14623  |c $232.00 
040 |a NSD  |b eng  |c NSD  |d OCLCQ  |d U3W  |d OCLCF  |d WaSeSS 
042 |a nsdp  |a pcc 
082 1 0 |a 004  |2 13 
130 0 |a Inside the Internet (Online) 
210 0 |a Inside Internet  |b (Online. Element K Journals) 
222 0 |a Inside the Internet  |b (Online. Element K Journals) 
245 1 0 |a Inside the Internet  |h [electronic resource]. 
260 |a Rochester, N.Y. :  |b Element K Journals 
310 |a Monthly 
362 1 |a Began Jan. 2000. 
506 |a License restrictions may limit access. 
515 |a Designation taken from date viewed. 
538 |a Mode of access: World Wide Web. 
588 |a Description based on sample issue in PDF format: Mar. 21, 2002; title from caption. 
655 0 |a Electronic journals. 
776 1 |t Inside the Internet  |x 1075-7902  |w (DLC) 95648155  |w (OCoLC)30307763 
856 4 0 |z Full text available from Research Library: 01/01/1998 to 06/30/2006  |u https://search.proquest.com/publication/11475